OPAC Home

ප්‍ර‍කෘතිකරණය සහ සංරක්‍ෂණය (Record no. 115233)

MARC details
000 -LEADER
fixed length control field 00630nam a2200205Ia 4500
003 - CONTROL NUMBER IDENTIFIER
control field LK-CoDNM
008 - FIXED-LENGTH DATA ELEMENTS--GENERAL INFORMATION
fixed length control field 010623t1991 xxu||||| |||| 00| 1 sin d
040 ## - CATALOGING SOURCE
Original cataloging agency LK-CoDNM
Modifying agency LK-CoDNM
Description conventions LK-CoDNM
041 ## - LANGUAGE CODE
Language code of text/sound track or separate title Sinhala; Sinhalese
080 ## - UNIVERSAL DECIMAL CLASSIFICATION NUMBER
Universal Decimal Classification number 069.01
Item number REA
942 ## - ADDED ENTRY ELEMENTS (KOHA)
Koha item type Books
100 ## - MAIN ENTRY--PERSONAL NAME
Personal name Kumarasiri,Premalal.
700 ## - ADDED ENTRY--PERSONAL NAME
Personal name Reader,Yosef.
245 ## - TITLE STATEMENT
Title ප්‍ර‍කෘතිකරණය සහ සංරක්‍ෂණය
246 ## - VARYING FORM OF TITLE
Title proper/short title Prakurthikaranaya saha Sanrakshanaya
260 ## - PUBLICATION, DISTRIBUTION, ETC. (IMPRINT)
Name of publisher, distributor, etc. Postgraduate Institute of Archaeology
Place of publication, distribution, etc. Colombo
Date of publication, distribution, etc. 1991
300 ## - PHYSICAL DESCRIPTION
Other physical details ix,118p,pl., 21 cm
500 ## - GENERAL NOTE
General note Archaeology SeriesNo.3
650 ## - SUBJECT ADDED ENTRY--TOPICAL TERM
Topical term or geographic name as entry element Archaeology
Holdings
Withdrawn status Lost status Damaged status Not for loan Collection code Permanent Location Current Location Date acquired Full call number Barcode Koha item type
        Monographs Library National Museum Colombo - Sri Lanka Library National Museum Colombo - Sri Lanka 2023-08-02 069.01 REA 138933 Books
Copyright © 2023 Department of National Museum, Colombo 07, Sri Lanka Funded by UNESCO IFAP UNESCO